Honoré de Balzac: Le père Goriot

Сохранить в:
Библиографические подробности
Главный автор: Nivet, Jean-Francois
Формат:
Язык:Undetermined
Опубликовано: París, Francia Éditions Nathan 1994
Предметы:
Метки: Добавить метку
Нет меток, Требуется 1-ая метка записи!

MARC

LEADER 00000nam a2200000Ia 4500
008 170316s9999 xx 000 0 und d
040 |a cru BVZT 
090 |a C-840 N-3h 
100 |a Nivet, Jean-Francois 
245 |a Honoré de Balzac: Le père Goriot 
260 |a París, Francia 
260 |b Éditions Nathan 
260 |c 1994 
300 |a 64 páginas 
650 |a LITERATURA FRANCESA 
650 |a CRÍTICA 
999 |c 13012  |d 13012 
942 |c 15 D  |h C-840 N-3h  |2 z